00542nam a2200193 a 4500001001300000003000900013005001700022008004100039020002400080082001500104100002200119245004800141260004900189300000900238500003500247505001700282650002700299700002200326nice12345678IN_TiNIC20260116012226.0050524s1978 mica grp 000 0 eng  a0310119 c35.900a232.9bHOE aHoehner, Harold W aChronological Aspects of the Life of Christ aMichigan bZondervan Publishing House c1978 a176p aincludes index and biblioraphy2 aBibliography aJesus Christ-Biography1 aHoehner, Harold W